Tous les brawlers de Brawl stars - Statistiques

Statistiques générales
  • Ce quiz a été pris 186 fois
    129 depuis la dernière actualisation
  • Le résultat moyen est 21 sur 84
Statistiques - réponses
Rareté Brawleur % Correct
Commun Shelly
91%
Rare Colt
85%
Rare Nita
79%
Rare Bull
66%
Rare El Costo
63%
Rare Rosa
63%
Légendaire Leon
58%
Rare Bartaba
57%
Rare Poco
52%
Super Rare Jessie
51%
Légendaire Spike
49%
Légendaire Corbac
48%
Epique Polly
42%
Super Rare Carl
39%
Super Rare Dynamike
37%
Super Rare Ricochet
36%
Légendaire Meg
33%
Mythique Mortis
33%
Epique Bo
31%
Légendaire Draco
31%
Epique Frank
31%
Super Rare Penny
31%
Légendaire Surge
31%
Super Rare Jackie
30%
Super Rare Tick
30%
Mythique Tara
28%
Légendaire Ambre
27%
Super Rare Darryl
27%
Epique Mandy
27%
Epique Edgar
25%
Légendaire Kit
25%
Légendaire Chester
24%
Mythique Djinn
24%
Epique Bea
22%
Légendaire Emery
22%
Mythique Max
22%
Epique Berry
21%
Mythique Byron
21%
Epique Gaël
21%
Super Rare Gus
21%
Epique Gus
21%
Mythique Buzz
19%
Epique Colette
19%
Légendaire Cordelius
19%
Mythique Lou
19%
Rare Broke
18%
Epique Pam
18%
Super Rare ARCAD
16%
Epique Billie
16%
Epique Hank
16%
Mythique Mico
16%
Mythique RT
16%
Epique Sam
16%
Mythique Fang
15%
Epique Maisie
15%
Mythique Melody
15%
Mythique Moe
15%
Epique Stu
15%
Mythique Willow
15%
Mythique Otis
13%
Epique Angelo
12%
Epique Eliz@
12%
Mythique Grey
12%
Epique Nani
12%
Epique Bonnie
10%
Mythique Charlie
10%
Mythique Clancy
10%
Mythique Colonel Médor
10%
Mythique Janet
10%
Epique Larry / Lawrie
10%
Mythique Lily
10%
Epique Belle
9%
Mythique Buster
9%
Mythique Eve
9%
Epique Lola
9%
Epique Pearl
9%
Mythique Squeak
9%
Mythique Doug
7%
Mythique Mr. M
7%
Mythique Chuck
6%
Epique Griff
6%
Légendaire Kendji
6%
Epique Ash
4%
Mythique Sprout
3%
Aucun quiz correspondant
Distribution des résultats
% des personnes avec chaque résultat
Percentile par nombre de réponses
Votre historique - résultats
Vous n’avez pas pris ce quiz depuis la dernière actualisation